De la conquete a la consolidation des marchés: le virage délicat de l'industrie automobile japonaise.
Želané, ale aj nevyhnutné zníženie pracovného času. Pokles vývozu a dodávok na vnútorný trh. Nové konštrukcie áut. Ich výroba a vývoz. Dovoz vozidiel do Japonska. Tlak na ceny, na daň za ovzdušie a neistotu obchodu vyvoláva prekážky vnútorného trhu. Príloha: konštruktéri japonských áut. (L'Expansion...
Enregistré dans:
| Auteur principal: | |
|---|---|
| Format: | Chapitre de livre |
| Langue: | français |
| Sujets: | |
| Tags: |
Pas de tags, Soyez le premier à ajouter un tag!
|
MARC
| LEADER | 00000naa a2200000 4500 | ||
|---|---|---|---|
| 001 | r008668 | ||
| 005 | 20220913124924.9 | ||
| 041 | 0 | |a fre | |
| 044 | |a FR | ||
| 245 | 1 | 0 | |a De la conquete a la consolidation des marchés: le virage délicat de l'industrie automobile japonaise. |c A. Routier |
| 520 | |a Želané, ale aj nevyhnutné zníženie pracovného času. Pokles vývozu a dodávok na vnútorný trh. Nové konštrukcie áut. Ich výroba a vývoz. Dovoz vozidiel do Japonska. Tlak na ceny, na daň za ovzdušie a neistotu obchodu vyvoláva prekážky vnútorného trhu. Príloha: konštruktéri japonských áut. (L'Expansion 1991, č. 411). | ||
| 610 | 2 | 0 | |a priemysel automobilový |
| 610 | 2 | 0 | |a trh vnútorný |
| 610 | 2 | 0 | |a Japonsko |
| 610 | 2 | 0 | |a vývoz |
| 610 | 2 | 0 | |a dovoz |
| 100 | 1 | |a Routier, A. | |